| 000 | 00864cab a2200265 4500 | ||
|---|---|---|---|
| 001 | WB3110-38 | ||
| 008 | 090401t1995 xxu||||| |||| 00| 0 eng d | ||
| 035 | _a(Sirsi) u22717 | ||
| 041 | _aeng | ||
| 245 | _aDutch cartel loses appeal | ||
| 260 | _c1995 | ||
| 350 | _a0 | ||
| 490 |
_aFinancial Times _v7 March 1995, 13(1) |
||
| 520 | _aThe European Court of First Instance has rejected an appeal by 29 Dutch building contractor associations against a 1992 European Commission decision that refused them exemption from EC competition rules and imposed fines totalling Ecu22.5m. | ||
| 650 | _aBUILDING CONTRACTORS | ||
| 650 | _aCARTELS | ||
| 650 | _aEUROPE | ||
| 650 | _aNETHERLANDS | ||
| 650 | _aSPO ASSOCIATION | ||
| 650 | _aTENDERING PROCEDURES | ||
| 690 | _aBUILT ENVIRONMENT | ||
| 690 | _aOVERSEAS-EUROPE | ||
| 942 | _n0 | ||
| 948 | _c04/03/1997 | ||
| 999 |
_c15229 _d15229 |
||